000 00550nam a2200193Ia 4500
001 15257
005 20260416171811.0
008 260306t2016||||xx |||||||||||||| ||spa||
041 _aESP
082 _a531.11
_bH441 2016
100 _aHibbeler, R. C.
_eAUT
245 0 _aIngeniería mecánica. Dinámica
260 _c2016
300 _a000 páginas :
_c00 cm.
650 _aGEN
654 _aCCN
856 _uhttps://itmsp.museknowledge.com/UCSP?url=https://www.ebooks7-24.com:443/?il=3616&pg=1
_zVersión digital
942 _cLIB
_dJUS
_fJUS
_2ddc
999 _c15257
_d15257